Natural poisons and venoms, V3-Plant toxins: Alkaloids and lectins (Record no. 394447)

MARC details
000 -LEADER
fixed length control field 00563 a2200205 4500
005 - DATE & TIME
control field 20260203153726.0
008 - FIXED-LENGTH DATA ELEMENTS--GENERAL INFORMATION
fixed length control field 260128b |||||||| |||| 00| 0 eng d
020 ## - ISBN
International Standard Book Number 9783111127408
Price € 79.95
040 ## - CATALOGING SOURCE
Original cataloging agency VIVEKANANDA LIBRARY
082 ## - DDC NUMBER
Classification number 615.954
Book Number T297N
100 ## - MAIN ENTRY--PERSONAL NAME
Personal name Teuscher, Eberhard
245 ## - TITLE STATEMENT
Title Natural poisons and venoms, V3-Plant toxins: Alkaloids and lectins
260 ## - PUBLICATION, DISTRIBUTION, ETC. (IMPRINT)
Name of publisher, distributor, etc De Gruyter
Date of publication, distribution, etc 2025
Place of publication, distribution, etc Berlin
300 ## - PHYSICAL DESCRIPTION
Pages xvi, 446
650 ## - Subject
Subject Pharmacology
650 ## - Subject
Subject Toxicology
650 ## - Subject
Subject Plant Poisons
700 ## - Added Entry Personal Name
Added Entry Personal Name Lindequist, Uleike
942 ## - ADDED ENTRY ELEMENTS (KOHA)
Koha item type Books
Holdings
Withdrawn status Lost status Source of classification or shelving scheme Damaged status Not for loan Location (home branch) Sublocation or collection (holding branch) Shelving location Date acquired Koha issues (times borrowed) Koha full call number Accession No. Koha date last seen Copy number Koha item type
    Dewey Decimal Classification     VIVEKANANDA LIBRARY VIVEKANANDA LIBRARY Vivekananda Library 17/12/2025   615.954 T297N 443670 17/12/2025 V3 Books
© Designed and Maintained by Vivekananda Library, MDU Rohtak